Normal view
MARC view
- Falco, Paolo,
Entry Nombre Personal
001 - NUMERO DE CONTROL
- campo de control: 45094
003 - IDENTIFICADOR DE NUMERO DE CONTROL
- campo de control: DLC
005 - FECHA Y HORA DE LA ÜLTIMA TRANSACCIÓN
- campo de control: 20220811130223.0
008 - DATOS DE LONGITUD FIJA
- campo de control de longitud fija: 220811n| azannaabn |n aaa
010 ## - NÚMERO DE CONTROL DE LA BIBLIOTECA DEL CONGRESO
- Número de control LC: nb2011008696
035 ## - NUMERO DE CONTROL
- Número de control: (OCoLC)oca08814899
040 ## - FUENTE DE CATALOGACIÓN
- Agencia original de catalogación: Uk
- Lenguaje de catalogación: spa
- Description conventions: rda
- Agencia de transcripción: Uk
- Agencia que lo modifica: UkOxU
- Agencia que lo modifica: InU
- Agencia que lo modifica: MX-MxUPN
046 ## - FECHAS CON CODIFICACIÓN ESPECIAL
- Fecha de nacimiento: 1985-02-16
- Fuente del formato de fecha: edtf
100 1# - ENCABEZAMIENTO - NOMBRE PERSONAL
- Nombre personal: Falco, Paolo,
- Fechas asociadas con el nombre: 1985-
670 ## - FUENTE EN LA QUE SE LOCALIZARON DATOS
- Cita de la fuente: The returns to formality and informality in urban Africa, 2010:
- Información localizada: PDF página 1 (Paolo Falco)
670 ## - FUENTE EN LA QUE SE LOCALIZARON DATOS
- Cita de la fuente: Occupational choices and their outcomes in African labour markets, 2012:
- Información localizada: portada (Paolo Falco, Keble Coll.; D.Phil. thesis in economics, Univ. of Oxford) thesis cat. inf. form (b. Feb. 16, 1985)
902 ## - CATALOGADOR
- Catalogador: NDAF/110822
